Welcome to CU Library Online Public Access Catalogue (OPAC)

Critical cases in behaviour (Record no. 4634)

MARC details
000 -LEADER
fixed length control field 00367nam a22001457a 4500
005 - DATE AND TIME OF LATEST TRANSACTION
control field 20250310112423.0
008 - FIXED-LENGTH DATA ELEMENTS--GENERAL INFORMATION
fixed length control field 250310b |||||||| |||| 00| 0 eng d
020 ## - INTERNATIONAL STANDARD BOOK NUMBER
International Standard Book Number 9780333577516
050 ## - LIBRARY OF CONGRESS CALL NUMBER
Classification number HD58
Item number .7 COR
100 ## - MAIN ENTRY--PERSONAL NAME
Personal name Corbett, Martin J.
245 ## - TITLE STATEMENT
Title Critical cases in behaviour
260 ## - PUBLICATION, DISTRIBUTION, ETC.
Place of publication, distribution, etc. New York
Name of publisher, distributor, etc. Palgrave
Date of publication, distribution, etc. c1994
300 ## - PHYSICAL DESCRIPTION
Extent xi, 289p
942 ## - ADDED ENTRY ELEMENTS (KOHA)
Source of classification or shelving scheme Library of Congress Classification
Koha item type Books
Suppress in OPAC No
999 ## -
-- 4634
-- 4634
Holdings
Withdrawn status Lost status Source of classification or shelving scheme Damaged status Not for loan Collection Home library Current library Shelving location Date acquired Total checkouts Full call number Barcode Date last seen Copy number Price effective from Koha item type
    Library of Congress Classification     Non-fiction Undergraduate Library (Christ Temple) Undergraduate Library (Christ Temple) General stacks 03/10/2025   HD58.7 COR ulct00001606 03/10/2025 1 03/10/2025 Books
    Library of Congress Classification     Non-fiction Undergraduate Library (Christ Temple) Undergraduate Library (Christ Temple) General stacks 03/10/2025   HD58.7 COR ulct00001607 03/10/2025 2 03/10/2025 Books
© 2023-2024 Copyright: Central University Libraries. All Rights Reserved | Created by: Mahone Tech Office